| 000 | 00766nam a2200265 i 4500 | ||
|---|---|---|---|
| 008 | |||
| 020 | _a0201512467 (pbk.) | ||
| 049 | _aMAIN | ||
| 090 |
_aQC21.2 _bSEA |
||
| 100 | 1 | _aSears, Francis W. | |
| 245 | 1 | 0 |
_aCollege physics / _cFrancis W. Sears, Mark W. Zemansky, Hugh D. Young. |
| 250 | _a7th ed. | ||
| 260 |
_aReading, Mass : _bAddison-Wesley Pub. Co, _c1991. |
||
| 300 |
_aviii, 727p. : _bill. ; _c29 cm. |
||
| 440 | 0 | _aAddison-Wesley series in physics. | |
| 650 | 0 | _aPhysics. | |
| 700 | _aYoung, Hugh D. | ||
| 700 | 1 | _aZemansky, Mark W. | |
| 700 | 1 | _aYoung, Hugh D. | |
| 907 |
_a.b10252484 _b19-02-13 _c08-10-07 |
||
| 003 | |||
| 005 | 20230123134510.0 | ||
| 040 | _cNUST | ||
| 942 |
_cBOOKS _kQC21.2 _mSEA |
||
| 999 |
_c166982 _d166982 |
||